<?xml version="1.0" encoding="UTF-8"?>
<record
    xmlns:xsi="http://www.w3.org/2001/XMLSchema-instance"
    xsi:schemaLocation="http://www.loc.gov/MARC21/slim http://www.loc.gov/standards/marcxml/schema/MARC21slim.xsd"
    xmlns="http://www.loc.gov/MARC21/slim">

  <leader>00601nam a22001457a 4500</leader>
  <controlfield tag="008">220802b        |||||||| |||| 00| 0 eng d</controlfield>
  <datafield tag="020" ind1=" " ind2=" ">
    <subfield code="a">9789993617266</subfield>
  </datafield>
  <datafield tag="082" ind1=" " ind2=" ">
    <subfield code="a">920 TEN</subfield>
  </datafield>
  <datafield tag="100" ind1=" " ind2=" ">
    <subfield code="a">Tenzin, Ugyen</subfield>
  </datafield>
  <datafield tag="245" ind1=" " ind2=" ">
    <subfield code="a">&#xF46;&#xF7C;&#xF66;&#xF0B;&#xF62;&#xF97;&#xF7A;&#xF0B;&#xF60;&#xF56;&#xFB2;&#xF74;&#xF42;&#xF0B;&#xF54;&#xF0B;&#xF40;&#xF74;&#xF53;&#xF0B;&#xF63;&#xF7A;&#xF42;&#xF66;&#xF0B;&#xF40;&#xFB1;&#xF72;&#xF0B;&#xF62;&#xFA3;&#xF58;&#xF0B;&#xF50;&#xF62;&#xF0B;&#xF58;&#xF50;&#xF7C;&#xF44;&#xF0B;&#xF50;&#xF7C;&#xF66;&#xF0B;&#xF60;&#xF5B;&#xF74;&#xF58;&#xF0B;&#xF64;&#xF7C;&#xF62;&#xF0B;&#xF51;&#xF51;&#xF0B;&#xF54;&#xF66;&#xF0B;&#xF42;&#xFB2;&#xF7C;&#xF63;&#xF0B;&#xF56;&#xF0D;</subfield>
    <subfield code="b">(Biography of Choeje Drukpa Kuenley)</subfield>
  </datafield>
  <datafield tag="260" ind1=" " ind2=" ">
    <subfield code="a">Thimphu :</subfield>
    <subfield code="b">National Library and Archives of Bhutan,</subfield>
    <subfield code="c">2016.</subfield>
  </datafield>
  <datafield tag="300" ind1=" " ind2=" ">
    <subfield code="a">x, 191 p.</subfield>
    <subfield code="c">21 cm.</subfield>
  </datafield>
  <datafield tag="650" ind1=" " ind2=" ">
    <subfield code="a">Biography</subfield>
  </datafield>
  <datafield tag="942" ind1=" " ind2=" ">
    <subfield code="2">ddc</subfield>
  </datafield>
  <datafield tag="999" ind1=" " ind2=" ">
    <subfield code="c">9058</subfield>
    <subfield code="d">9059</subfield>
  </datafield>
  <datafield tag="952" ind1=" " ind2=" ">
    <subfield code="0">0</subfield>
    <subfield code="1">0</subfield>
    <subfield code="2">ddc</subfield>
    <subfield code="4">0</subfield>
    <subfield code="7">0</subfield>
    <subfield code="8">DZONGKHA</subfield>
    <subfield code="a">RTCLIB</subfield>
    <subfield code="b">RTCLIB</subfield>
    <subfield code="c">DZONGKHA</subfield>
    <subfield code="d">2022-08-02</subfield>
    <subfield code="h">16553</subfield>
    <subfield code="l">1</subfield>
    <subfield code="o">920 TEN</subfield>
    <subfield code="p">30015487</subfield>
    <subfield code="r">2026-03-27 07:13:02</subfield>
    <subfield code="s">2026-03-12</subfield>
    <subfield code="w">2022-08-02</subfield>
    <subfield code="y">DZONGKHA</subfield>
  </datafield>
  <datafield tag="952" ind1=" " ind2=" ">
    <subfield code="0">0</subfield>
    <subfield code="1">0</subfield>
    <subfield code="2">ddc</subfield>
    <subfield code="4">0</subfield>
    <subfield code="7">0</subfield>
    <subfield code="8">DZONGKHA</subfield>
    <subfield code="a">RTCLIB</subfield>
    <subfield code="b">RTCLIB</subfield>
    <subfield code="c">DZONGKHA</subfield>
    <subfield code="d">2022-08-02</subfield>
    <subfield code="h">16552</subfield>
    <subfield code="l">1</subfield>
    <subfield code="o">920 TEN</subfield>
    <subfield code="p">30015505</subfield>
    <subfield code="r">2022-09-30 00:00:00</subfield>
    <subfield code="s">2022-09-28</subfield>
    <subfield code="w">2022-08-02</subfield>
    <subfield code="y">DZONGKHA</subfield>
  </datafield>
</record>
